85. významné životné jubileum Mons. Jozefa Vrableca

Bibliographic Details
Main Author: Dian, Daniel, 1953- (Author)
Format: Article
Language:Slovak
PhysicalDescription:Obr.
ISSN:0139-861X
Subjects:

MARC

LEADER 00000nab a2200000 a 4500
001 vtls000686026
003 SK-MaSNL
005 20260302195456.0
008 140328c1999 xo 0 slo
015 |a SNBRB1999/03-06018 
035 |a CLN000038193 
040 |a SNKBUCL  |b slo  |c SNKBUCL  |e AACR2 
041 0 |a slo 
044 |a xo  |c SK 
080 |a 2-051(437.6)  |2 1997 
080 |a 929 Vrablec, Jozef  |2 1997 
100 1 |a Dian, Daniel,  |d 1953-  |4 aut  |9 101588 
214 1 1 |a Osemdesiate piate významné životné jubileum Mons. Jozefa Vrableca 
245 1 0 |a 85. významné životné jubileum Mons. Jozefa Vrableca  |c Daniel Dian 
246 1 3 |a Osemdesiate piate významné životné jubileum Mons. Jozefa Vrableca 
300 |b Obr. 
504 |a Bibliogr. odkazy 
600 1 7 |a Vrablec, Jozef,  |d 1914-2003  |2 snkbucl  |9 132533 
655 7 |a články z novín a časopisov  |2 snkbucl  |9 267496 
773 0 |t Duchovný pastier  |g Roč. 80, č. 3 (1999), s. 123-127  |x 0139-861X 
850 |a Slovenská národná knižnica v Martine 
852 |a SNK  |b KIS3GCP 
958 |a BX 
958 |a SK 
958 |a NB 
992 |a RBX 
999 |c 1452813  |d 1454743